000 00706nam a22002297a 4500
003 UA-OsUOA
001 80670
007 ta
008 20111222b un ||||| |||| 00| 0 ukr d
100 _aЗатонацька Т.Г.
700 _aШиманська О.А.
090 _a330(477)
_bЗ-37
942 _cSA
040 _aUA-OsUOA
_bukr
_cUA-OsUOA
_dUA-OsUOA
245 _aЗарубіжний досвід середньострокового плануваня в бюджетому процесі
300 _aС.90-101
955 _a0
041 _aukr
080 _a330(477)
773 0 _w80662
_tФінанси України
_dК.
_d2011
_g8
650 7 _a330 Економіка взагалі
_2UDC
999 _c366980
_d366980